Logo CIB grande

SEA SU PROPIO GERENTE DE VENTAS (Registro nro. 218749)

Detalles MARC
000 -LEADER
campo de control de longitud fija 00697nam a2200277Ia 4500
005 - FECHA Y HORA DE LA ÚLTIMA TRANSACCIÓN
campo de control 20250425161919.0
008 - DATOS DE LONGITUD FIJA--INFORMACIÓN GENERAL
campo de control de longitud fija 250425s9999 xx 000 0 und d
020 ## - NÚMERO INTERNACIONAL ESTÁNDAR DEL LIBRO
Número Internacional Estándar del Libro 9701006180
041 ## - CÓDIGO DE IDIOMA
Código de lengua del texto/banda sonora o título independiente spa
043 ## - CÓDIGO DE ÁREA GEOGRÁFICA
Código de área geográfica mx
082 ## - NÚMERO DE LA CLASIFICACIÓN DECIMAL DEWEY
Número de clasificación 658.81
010 ## - NÚMERO DE CONTROL DE LA BIBLIOTECA DEL CONGRESO
Número de control de LC 34769
100 ## - ENTRADA PRINCIPAL--NOMBRE DE PERSONA
Nombre de persona ALESSANDRA, ANTHONY
245 #0 - MENCIÓN DEL TÍTULO
Título SEA SU PROPIO GERENTE DE VENTAS
250 ## - MENCION DE EDICION
Mención de edición 1A ED.
260 ## - PUBLICACIÓN, DISTRIBUCIÓN, ETC.
Lugar de publicación, distribución, etc. MEXICO
260 ## - PUBLICACIÓN, DISTRIBUCIÓN, ETC.
Lugar de publicación, distribución, etc. México
Nombre del editor, distribuidor, etc. MCGRAW-HILL
Fecha de publicación, distribución, etc. 1992
300 ## - DESCRIPCIÓN FÍSICA
Extensión 262
500 ## - NOTA GENERAL
Nota general Título Traducido: BE YOUR OWN SALES MANAGER
650 ## - PUNTO DE ACCESO ADICIONAL DE MATERIA--TÉRMINO DE MATERIA
Término de materia o nombre geográfico como elemento de entrada ADMINISTRACION DE VENTAS
650 ## - PUNTO DE ACCESO ADICIONAL DE MATERIA--TÉRMINO DE MATERIA
Término de materia o nombre geográfico como elemento de entrada COMPETENCIA
650 ## - PUNTO DE ACCESO ADICIONAL DE MATERIA--TÉRMINO DE MATERIA
Término de materia o nombre geográfico como elemento de entrada ESTRATEGIAS DE VENTA
650 ## - PUNTO DE ACCESO ADICIONAL DE MATERIA--TÉRMINO DE MATERIA
Término de materia o nombre geográfico como elemento de entrada GERENTES
700 ## - ENTRADA AGREGADA--NOMBRE PERSONAL
Nombre de persona PILAR V.MASCARO
Término indicativo de función/relación traductor
942 ## - ELEMENTOS DE ENTRADA SECUNDARIOS (KOHA)
Tipo de ítem Koha Libros
Existencias
Estatus retirado Estado de pérdida Estado de daño No para préstamo Biblioteca de origen Biblioteca actual Ubicación en estantería Fecha de adquisición Coste, precio normal de compra Total de préstamos Código de barras Copia número Nota pública
        ESCUELA DE NEGOCIOS ESCUELA DE NEGOCIOS   16/03/2001 1.00   CP-00308 2 COMPRA
        ESCUELA DE NEGOCIOS ESCUELA DE NEGOCIOS   16/03/2001 1.00   CP-00310 3 COMPRA
        ESCUELA DE NEGOCIOS ESCUELA DE NEGOCIOS   16/03/2001 1.00   CP-00311 4 COMPRA
        ESCUELA DE NEGOCIOS ESCUELA DE NEGOCIOS   16/03/2001 1.00   CP-00185 1 COMPRA

Copyright 2025 ESPOL. Todos los derechos reservados.